Statistics for Weapons in Call of Duty: Black Ops

Click here to take the quiz!

General Stats

  • This quiz has been taken 837 times
  • The average score is 28 of 58

Answer Stats

HintAnswer% Correct
Assault RifleAK47
87%
Submachine GunAK74u
76%
Assault RifleFAMAS
75%
Submachine GunMP5k
74%
Assault RifleCommando
73%
Assault RifleM16
72%
Assault RifleGalil
69%
ShotgunSPAS-12
68%
LauncherRPG
67%
LethalFrag
66%
LethalSemtex
63%
PistolM1911
62%
EquipmentClaymore
61%
SpecialCrossbow
61%
ShotgunOlympia
60%
Assault RifleG11
59%
Assault RifleM14
58%
Light Machine GunM60
58%
Sniper RifleDragunov
56%
TacticalFlashbang
56%
Light Machine GunRPK
56%
SpecialBallistic Knife
55%
LethalTomahawk
55%
Assault RifleAUG
54%
PistolPython
53%
ShotgunStakeout
52%
Sniper RifleL96A1
51%
Assault RifleEnfield
50%
EquipmentC4
49%
Submachine GunUzi
49%
Sniper RifleWA2000
48%
TacticalConcussion
47%
LauncherChina Lake
44%
Assault RifleFN FAL
44%
Submachine GunSkorpion
43%
PistolMakarov
42%
Light Machine GunHK21
40%
Submachine GunMPL
40%
Submachine GunSpectre
40%
Submachine GunMAC11
39%
PistolCZ75
38%
Sniper RiflePSG1
37%
ShotgunHS10
36%
Submachine GunKiparis
36%
Light Machine GunStoner63
36%
PistolASP
34%
EquipmentTactical Insertion
34%
TacticalNova Gas
33%
Submachine GunPM63
33%
TacticalWilly Pete
33%
EquipmentMotion Sensor
32%
EquipmentCamera Spike
30%
TacticalDecoy
28%
Heavy Machine GunDeath Machine
26%
EquipmentJammer
26%
LauncherM72 LAW
24%
LauncherStrela-3
19%
LauncherGrim Reaper
15%

Score Distribution

Percentile by Number Answered

Percent of People with Each Score

Your Score History

You have not taken this quiz